Actors who play roles with Ian McKellen - Statistics

General Stats
  • This quiz has been taken 4 times
  • The average score is 34 of 100
Answer Stats
Hint Answer % Correct
The Lord of the Rings : The Fellowship of the Ring
The Lord of the Rings : The Two Towers
The Lord of the Rings : The Return of the King
The Hobbit : An Unexpected Journey
The Hobbit : The Desolation of Smaug
The Hobbit : The Battle of the Five Armies
Cate Blanchett
100%
X-Men
X2
X-Men : The Last Stand
The Wolverine
X-Men : Days of Future Past
Famke Janssen
100%
X-MenX2 X-Men : The Last Stand X-Men : Days of Future Past Halle Berry
100%
X-MenX2 X-Men : The Last Stand Flushed Away The Wolverine X-Men : Days of Future Past Hugh Jackman
100%
The Lord of the Rings : The Fellowship of the Ring The Lord of the Rings : The Two Towers The Lord of the Rings : The Return of the King The Hobbit : An Unexpected Journey The Hobbit : The Battle of the Five Armies Hugo Weaving
100%
The Lord of the Rings : The Fellowship of the RingThe Lord of the Rings : The Two Towers The Lord of the Rings : The Return of the King The Hobbit : The Desolation of Smaug The Hobbit : The Battle of the Five Armies Orlando Bloom
100%
X-MenX2 X-Men : The Last Stand The Wolverine X-Men : Days of Future Past National Theatre Live : No Man's Land Patrick Stewart
100%
The Lord of the Rings : The Fellowship of the Ring The Lord of the Rings : The Two Towers The Lord of the Rings : The Return of the King Sean Bean
100%
The Lord of the Rings : The Fellowship of the RingThe Lord of the Rings : The Two Towers The Lord of the Rings : The Return of the King Flushed Away The Hobbit : An Unexpected Journey Andy Serkis
67%
X-Men
X2
X-Men : The Last Stand X-Men : Days of Future Past
Anna Paquin
67%
The Hobbit : An Unexpected Journey
The Hobbit : The Desolation of Smaug
The Hobbit : The Battle of the Five Armies
Benedict Cumberbatch
67%
The Lord of the Rings : The Fellowship of the Ring
The Lord of the Rings : The Two Towers
The Lord of the Rings : The Return of the King
The Golden Compass The Hobbit : An Unexpected Journey The Hobbit : The Battle of the Five Armies
Christopher Lee
67%
The Lord of the Rings : The Fellowship of the Ring
The Lord of the Rings : The Two Towers
The Lord of the Rings : The Return of the King
The Hobbit : An Unexpected Journey
Elijah Wood
67%
The Hobbit : The Desolation of Smaug
The Hobbit : The Battle of the Five Armies
Evangeline Lilly
67%
Play of the MonthPlayhouse The Good Liar Helen Mirren
67%
The Lord of the Rings : The Fellowship of the Ring
The Lord of the Rings : The Two Towers
The Lord of the Rings : The Return of the King
John Rhys-Davies
67%
PlayhouseA Performance of Macbeth Jack & Sarah Doogal Vicious All Is True Cats Judi Dench
67%
The Lord of the Rings : The Two Towers The Lord of the Rings : The Return of the King Karl Urban
67%
The Lord of the Rings : The Fellowship of the Ring
The Lord of the Rings : The Two Towers
The Lord of the Rings : The Return of the King
Liv Tyler
67%
The Hobbit : An Unexpected Journey
The Hobbit : The Desolation of Smaug
The Hobbit : The Battle of the Five Armies
Martin Freeman
67%
The Lord of the Rings : The Fellowship of the RingThe Lord of the Rings : The Two Towers The Lord of the Rings : The Return of the King Sean Astin
67%
The Lord of the Rings : The Fellowship of the Ring
The Lord of the Rings : The Two Towers
The Lord of the Rings : The Return of the King
Viggo Mortensen
67%
X2X-Men : The Last Stand Aaron Stanford
33%
The Hobbit : An Unexpected Journey
The Hobbit : The Desolation of Smaug
The Hobbit : The Battle of the Five Armies
Adam Brown
33%
The Hobbit : An Unexpected Journey
The Hobbit : The Desolation of Smaug
The Hobbit : The Battle of the Five Armies
Aidan Turner
33%
X2Eighteen Neverwas Alan Cumming
33%
The Lord of the Rings : The Two Towers
The Lord of the Rings : The Return of the King
Bernard Hill
33%
The Lord of the Rings : The Fellowship of the Ring
The Lord of the Rings : The Two Towers
The Lord of the Rings : The Return of the King
Billy Boyd
33%
The Lord of the Rings : The Two Towers The Lord of the Rings : The Return of the King Brad Dourif
33%
Six Degrees of SeparationApt Pupil X-Men X2 Bruce Davison
33%
The Lord of the Rings : The Fellowship of the Ring
The Lord of the Rings : The Two Towers
The Lord of the Rings : The Return of the King
Craig Parker
33%
X2X-Men : The Last Stand X-Men : Days of Future Past Daniel Cudmore
33%
The Lord of the Rings : The Two Towers
The Lord of the Rings : The Return of the King
David Wenham
33%
The Hobbit : An Unexpected Journey
The Hobbit : The Desolation of Smaug
The Hobbit : The Battle of the Five Armies
Dean O'Gorman
33%
The Golden CompassVicious Derek Jacobi
33%
The Lord of the Rings : The Fellowship of the Ring
The Lord of the Rings : The Two Towers
The Lord of the Rings : The Return of the King
Dominic Monaghan
33%
X-Men : The Last Stand X-Men : Days of Future Past Elliot Page
33%
The Hobbit : An Unexpected Journey
The Hobbit : The Desolation of Smaug
The Hobbit : The Battle of the Five Armies
Graham McTavish
33%
The Ballad of Little JoSix Degrees of Separation Heather Graham
33%
The WolverineMr. Holmes Hiroyuki Sanada
33%
The Lord of the Rings : The Fellowship of the Ring
The Lord of the Rings : The Return of the King
The Hobbit : An Unexpected Journey The Hobbit : The Battle of the Five Armies
Ian Holm
33%
Armchair ThrillerThe Golden Compass Ian McShane
33%
X-Men
X2
X-Men : The Last Stand X-Men : Days of Future Past
James Marsden
33%
The Hobbit : An Unexpected Journey
The Hobbit : The Desolation of Smaug
The Hobbit : The Battle of the Five Armies
James Nesbitt
33%
The Da Vinci CodeFlushed Away Jean Reno
33%
The Lord of the Rings : The Fellowship of the Ring
The Lord of the Rings : The Two Towers
The Lord of the Rings : The Return of the King
The Hobbit : An Unexpected Journey
The Hobbit : The Desolation of Smaug
The Hobbit : The Battle of the Five Armies
Jed Brophy
33%
Doctor WhoDoctor Who : The Snowmen The Five(ish) Doctors Reboot Jenna Coleman
33%
The Hobbit : An Unexpected Journey
The Hobbit : The Desolation of Smaug
The Hobbit : The Battle of the Five Armies
John Callen
33%
I'll Do AnythingThe Simpsons Julie Kavner
33%
The KeepThe Da Vinci Code Jurgen Prochnow
33%
X-Men : The Last Stand X-Men : Days of Future Past Kelsey Grammer
33%
The Hobbit : An Unexpected Journey
The Hobbit : The Desolation of Smaug
The Hobbit : The Battle of the Five Armies
Ken Stott
33%
The Hobbit : An Unexpected Journey
The Hobbit : The Desolation of Smaug
The Hobbit : The Battle of the Five Armies
Lee Pace
33%
The Hobbit : An Unexpected Journey
The Hobbit : The Desolation of Smaug
The Hobbit : The Battle of the Five Armies Beauty and the Beast
Luke Evans
33%
Richard IIIDavid Copperfield Maggie Smith
33%
The Hobbit : An Unexpected Journey
The Hobbit : The Desolation of Smaug
The Hobbit : The Battle of the Five Armies
Mark Hadlow
33%
The Lord of the Rings : The Fellowship of the RingThe Lord of the Rings : The Return of the King Asylum Marton Csokas
33%
Doctor Who
Doctor Who : The Snowmen
The Five(ish) Doctors Reboot
Matt Smith
33%
The Hobbit : The Desolation of Smaug The Hobbit : The Battle of the Five Armies Mikael Persbrandt
33%
The Lord of the Rings : The Two Towers The Lord of the Rings : The Return of the King Miranda Otto
33%
BentThe Da Vinci Code Paul Bettany
33%
The Hobbit : An Unexpected Journey The Hobbit : The Desolation of Smaug The Hobbit : The Battle of the Five Armies Peter Hambleton
33%
X-Men
X2
X-Men : The Last Stand
Rebecca Romijn
33%
The Hobbit : An Unexpected JourneyThe Hobbit : The Desolation of Smaug The Hobbit : The Battle of the Five Armies Richard Armitage
33%
Jack & SarahDoctor Who Doctor Who : The Snowmen Richard E. Grant
33%
ExtrasStardust Ricky Gervais
33%
Richard IIIRestoration Robert Downey Jr.
33%
X-MenX2 X-Men : The Last Stand X-Men : Days of Future Past Shawn Ashmore
33%
Cold Comfort Farm The Hobbit : The Desolation of Smaug The Hobbit : The Battle of the Five Armies Stephen Fry
33%
The Hobbit : An Unexpected Journey
The Hobbit : The Desolation of Smaug
The Hobbit : The Battle of the Five Armies
Stephen Hunter
33%
King Lear The Hobbit : An Unexpected Journey
The Five(ish) Doctors Reboot
The Hobbit : The Desolation of Smaug
The Hobbit : The Battle of the Five Armies
Sylvester McCoy
33%
OthelloSwept from the Sea David Copperfield Zoe Wanamaker
33%
WalterWalter and June Barbara Jefford
0%
The Magic RoundaboutFlushed Away Bill Nighy
0%
PlentyLast Action Hero Charles Dance
0%
And the Band Played OnGods and Monsters David Dukes
0%
Cold Comfort FarmJack & Sarah Eileen Atkins
0%
ViciousMr. Holmes Frances de la Tour
0%
The Golden CompassMr. Holmes Beauty and the Beast Hattie Morahan
0%
The Tragedy of King Richard IIEdward II Countdown of War James Laurenson
0%
Hedda GablerPriest of Love Janet Suzman
0%
WalterWalter and June Richard III The Magic Roundabout Jim Broadbent
0%
Richard IIIThe Golden Compass The Good Liar Jim Carter
0%
Cold Comfort FarmThe Magic Roundabout Joanna Lumley
0%
Priest of LovePlenty John Gielgud
0%
Richard IIIRasputin John Wood
0%
A Performance of MacbethCountdown to War John Woodvine
0%
David CopperfieldSwept from the Sea Asylum Joss Ackland
0%
Swept from the SeaThe Golden Compass Kathy Bates
0%
Richard IIIThe Golden Compass Kristin Scott Thomas
0%
Tales of the CityMr. Holmes Laura Linney
0%
The Lord of the Rings : The Fellowship of the RingThe Lord of the Rings : The Return of the King The Hobbit : The Desolation of Smaug Lawrence Makoare
0%
I'll Do AnythingNeverwas Nick Nolte
0%
A Touch of LoveThe Tragedy of King Richard III Peggy Thorpe-Bates
0%
And the Band Played OnSix Degrees of Separation Richard Masur
0%
The KeepLast Action Hero Robert Prosky
0%
PlentyRestoration Sam Neill
0%
The Tragedy of King Richard IIEdward II Timothy West
0%
PlentyI'll Do Anything Tracey Ullman
0%
The Hobbit : An Unexpected Journey
The Hobbit : The Desolation of Smaug
The Hobbit : The Battle of the Five Armies
William Kircher
0%
No matching quizzes found
Score Distribution
Percent of People with Each Score
Percentile by Number Answered
Your Score History
You have not taken this quiz